2024 MLB Home Run Derby Participants - Statistics

General Stats
  • This quiz has been taken 43 times
  • The average score is 7 of 8
Answer Stats
Team Player % Correct
Royals Bobby Witt Jr.
100%
Orioles Gunnar Henderson
94%
Guardians Jose Ramirez
94%
Mets Pete Alonso
94%
Rangers Adolis Garcia
91%
Phillies Alec Bohm
91%
Braves Marcell Ozuna
89%
Dodgers Teoscar Hernandez
89%
No matching quizzes found
Score Distribution
Percent of People with Each Score
Percentile by Number Answered
Your Score History
You have not taken this quiz